Ensayo sobre el genio japonés / (Record no. 10842)
[ view plain ]
| 000 -CABECERA | |
|---|---|
| campo de control de longitud fija | 01800nam a22003617a 4500 |
| 001 - NÚMERO DE CONTROL | |
| campo de control | BRCA_9223 |
| 003 - IDENTIFICADOR DEL NÚMERO DE CONTROL | |
| campo de control | FranzMayer |
| 005 - FECHA Y HORA DE LA ÚLTIMA TRANSACCIÓN | |
| campo de control | 20220921133739.0 |
| 008 - DATOS DE LONGITUD FIJA--INFORMACIÓN GENERAL | |
| campo de control de longitud fija | 220909b |||||||| |||| 00| 0 eng d |
| 020 ## - NÚMERO INTERNACIONAL ESTÁNDAR DEL LIBRO | |
| Número Internacional Estándar del Libro | 9788417930233 |
| 040 ## - FUENTE DE LA CATALOGACIÓN | |
| Lengua de catalogación | spa |
| Centro/agencia transcriptor | MFM |
| 041 1# - CÓDIGO DE LENGUA | |
| Código de lengua del texto/banda sonora o título independiente | spa |
| Código de lengua original | fre |
| 050 ## - SIGNATURA TOPOGRÁFICA DE LA BIBLIOTECA DEL CONGRESO | |
| Número de clasificación | DS821 |
| Número de documento/Ítem | F63 2020 |
| 100 ## - ENTRADA PRINCIPAL--NOMBRE DE PERSONA | |
| Nombre de persona | Focillon, Henri, |
| Fechas asociadas al nombre | 1881-1943 |
| 9 (RLIN) | 28529 |
| 245 1# - MENCIÓN DE TÍTULO | |
| Título | Ensayo sobre el genio japonés / |
| Resto del título | Henri Focillon |
| 260 ## - PUBLICACIÓN, DISTRIBUCIÓN, ETC. | |
| Lugar de publicación, distribución, etc. | Madrid, España : |
| Nombre del editor, distribuidor, etc. | Casimiro libros, |
| Fecha de publicación, distribución, etc. | 2020 |
| 300 ## - DESCRIPCIÓN FÍSICA | |
| Extensión | 100 p. : |
| Otras características físicas | il. fot. ; |
| Dimensiones | 12 x 17 cm. |
| 500 ## - NOTA GENERAL | |
| Nota general | Ubicación: L60-N1 |
| 500 ## - NOTA GENERAL | |
| Nota general | Notas: pp. 91-100 |
| 505 ## - NOTA DE CONTENIDO CON FORMATO | |
| Título | Henri Focillon, Japón y la historia universal del arte / |
| Mención de responsabilidad | David Almazán Tomás |
| 505 ## - NOTA DE CONTENIDO CON FORMATO | |
| Título | Ensayo sobre el genio japonés / |
| Mención de responsabilidad | Henri Focillon |
| 505 ## - NOTA DE CONTENIDO CON FORMATO | |
| Título | Notas |
| 520 ## - SUMARIO, ETC. | |
| Sumario, etc. | Esta obra traducida conserva su interés y permite acercarse a una interpretación de la cultura japonesa que refleja la mirada a Japón de uno de los historiadores del arte más destacados de Francia. A lo largo de la obra, Focillon exhibe sólidos conocimientos sobre la historia de Japón, la estructura social japonesa y sus personajes más relevantes. También hace una síntesis de su pensamiento religioso y de su arte. pero no se trata de una simple exposición de datos, sino una presentación positiva de Japón, su sociedad y su cultura. - David Almazán Tomás. |
| 650 ## - PUNTO DE ACCESO ADICIONAL DE MATERIA--TÉRMINO DE MATERIA | |
| Término de materia o nombre geográfico como elemento de entrada | Estructura social |
| Subdivisión geográfica | Japón |
| 9 (RLIN) | 28530 |
| 650 ## - PUNTO DE ACCESO ADICIONAL DE MATERIA--TÉRMINO DE MATERIA | |
| Término de materia o nombre geográfico como elemento de entrada | Cultura |
| Subdivisión general | Sociedad |
| Subdivisión geográfica | Japón |
| 9 (RLIN) | 28531 |
| 650 ## - PUNTO DE ACCESO ADICIONAL DE MATERIA--TÉRMINO DE MATERIA | |
| Término de materia o nombre geográfico como elemento de entrada | Arte |
| Subdivisión general | Historia |
| Subdivisión geográfica | Japón |
| 9 (RLIN) | 1234 |
| 650 ## - PUNTO DE ACCESO ADICIONAL DE MATERIA--TÉRMINO DE MATERIA | |
| Término de materia o nombre geográfico como elemento de entrada | Pensamiento religioso |
| Subdivisión geográfica | Japón |
| 9 (RLIN) | 28532 |
| 651 ## - PUNTO DE ACCESO ADICIONAL DE MATERIA--NOMBRE GEOGRÁFICO | |
| Nombre geográfico | Japón |
| Subdivisión general | Historia |
| 9 (RLIN) | 28533 |
| 700 ## - PUNTO DE ACCESO ADICIONAL--NOMBRE DE PERSONA | |
| Nombre de persona | Almazán, David |
| Término indicativo de función/relación | contribuidor |
| 9 (RLIN) | 28534 |
| 700 ## - PUNTO DE ACCESO ADICIONAL--NOMBRE DE PERSONA | |
| Nombre de persona | Villarmir ramos, Diana |
| Término indicativo de función/relación | trad. |
| 9 (RLIN) | 28535 |
| 942 ## - ELEMENTOS DE PUNTO DE ACCESO ADICIONAL (KOHA) | |
| Fuente del sistema de clasificación o colocación | Library of Congress Classification |
| Tipo de ítem Koha | Libros |
| Estado de retiro | Estado de pérdida | Fuente del sistema de clasificación o colocación | Estado dañado | No para préstamo | Localización permanente | Ubicación/localización actual | Fecha de adquisición | Total de préstamos | Signatura topográfica completa | Código de barras | Fecha visto por última vez | Precio válido a partir de | Tipo de ítem Koha |
|---|---|---|---|---|---|---|---|---|---|---|---|---|---|
| El ejemplar forma parte de la colección y puede ser consultado según las políticas vigentes. | Library of Congress Classification | Biblioteca del Museo Franz Mayer (Rogerio Casas-Alatriste) | Biblioteca del Museo Franz Mayer (Rogerio Casas-Alatriste) | 09/09/2022 | DS821 F63 2020 | CONT10011 | 09/09/2022 | 09/09/2022 | Libros |